| 000 | 00487nam a22001817a 4500 | ||
|---|---|---|---|
| 003 | OSt | ||
| 005 | 20230328044756.0 | ||
| 008 | 180228b ||||| |||| 00| 0 eng d | ||
| 020 | _a9780373126750 | ||
| 040 |
_aMMU _beng _cMMU _dMMU |
||
| 050 | _aFIC PS 3602.S747 2007 | ||
| 100 | _aStephens Susan | ||
| 245 |
_aExpecting his royal baby/ _cSusan Stephens. |
||
| 260 |
_aToronto: _bHarlequin, _c2007. |
||
| 300 | _a185 p. : | ||
| 650 | _aexpecting his royal baby | ||
| 942 |
_2lcc _cLOAN LOAN |
||
| 999 |
_c30652 _d30651 |
||